000 00343nam a2200145Ia 4500
005 20251222143202.0
008 251222s9999||||xx |||||||||||||| ||spa||
020 _a84-7356-283-6
082 _a658.816/D66
100 _aDíez de Castro, Enrique Carlos
245 0 _aGestión de Precios
250 _a3a.ed.
264 _bESIC
942 _cLIB
999 _c13100
_d13100